جذور الفساد الإدارى فى مصر: (Record no. 13914)
[ view plain ]
| 000 -الفاتح | |
|---|---|
| حقل البيانات ثابتة الطول | 00972nam a22001817a 4500 |
| 008 - عناصر البيانات ثابتة الطول - معلومات عامة | |
| حقل البيانات ثابتة الطول | 100419t2008 xxu||||gr|||| 00| 0 ara d |
| 020 ## - الرقم الدولى المعيارى للكتب | |
| الرقم الدولى المعيارى للكتاب | 9789770923061 |
| 082 ## - رقم تصنيف ديوى العشرى | |
| رقم الطبعة | 22 |
| رقم المادة | ف ا ر |
| رقم التصنيف | 330.962 |
| 100 ## - المدخل الرئيسى - إسم شخصى | |
| 9 (RLIN) | 13605 |
| الإسم الشخصى | فاروق،عبد الخالق. |
| 245 ## - بيان العنوان | |
| العنوان | جذور الفساد الإدارى فى مصر: |
| بقية العنوان | بيئة العمل و سياسات الأجور و المرتبات فى مصر 1963-2002 / |
| بيان المسئوليه,etc | عبد الخالق فاروق |
| 260 ## - PUBLICATION, DISTRIBUTION, ETC. (IMPRINT) | |
| مكان الناشر او الموزع | القاهرة : |
| اسم الناشر او الموزع | دار الشروق،2008. |
| تاريخ النشر أو التوزيع | 2008. |
| 300 ## - الوصف المادى | |
| التعداد | 374ص.: |
| تفاصيل ماديه اخرى للوعاء | ؛ايض |
| أبعاد الوعاء | 24 سم. |
| 651 ## - المدخل الاضافى بالموضوع - اسم جغرافى | |
| 9 (RLIN) | 8202 |
| الاسم الجغرافي | مصر |
| التقسيم الفرعي الزمني | الأحوال السياسية |
| 651 ## - المدخل الاضافى بالموضوع - اسم جغرافى | |
| 9 (RLIN) | 13710 |
| الاسم الجغرافي | مصر |
| التقسيم الفرعي العام | الأحوال الاجتماعية |
| 651 ## - المدخل الاضافى بالموضوع - اسم جغرافى | |
| 9 (RLIN) | 13709 |
| الاسم الجغرافي | مصر |
| التقسيم الفرعي العام | الأحوال الاقتصادية |
| 942 ## - عناصر المدخل الإضافي( كوها) | |
| مصدر التصنيف او مخطط الترفيف | Dewey Decimal Classification |
| Koha [default] item type | Book - Borrowing |
| حالة التراجع | حالة الفقد | مصدر التصنيف او خطة الترفيف | حالة تلف | ليس للاعارة | مجموعات كوها | المكان الدائم | المكان الحالي | موقع الترفيف | تاريخ الاكتساب | Source of acquisition | سعر الشراء الطبيعي | تعداد مسلسل / التسلسل الزمني | رقم الاستدعاء | الباركود | Date last seen | مُعار | نوع الوعاء |
|---|---|---|---|---|---|---|---|---|---|---|---|---|---|---|---|---|---|
| Dewey Decimal Classification | Central Library | Central Library | First floor | 19/04/2010 | 37.00 | 4 | 330.962 فار | 000020467 | 15/07/2025 | 04/05/2010 | Book - Borrowing |